Ministering to your family. (Record no. 14579)

000 -LEADER
fixed length control field 01060nam a2200265 a 4500
001 - CONTROL NUMBER
control field :::00012411$&:&@@
003 - CONTROL NUMBER IDENTIFIER
control field OkBaRHE
005 - DATE AND TIME OF LATEST TRANSACTION
control field 20110505140557.0
008 - FIXED-LENGTH DATA ELEMENTS--GENERAL INFORMATION
fixed length control field s1986 g 000 0 eng u
020 ## - INTERNATIONAL STANDARD BOOK NUMBER
International Standard Book Number 0892764074
040 ## - CATALOGING SOURCE
Transcribing agency
100 1# - MAIN ENTRY--PERSONAL NAME
Personal name Hagin, Kenneth E., 1917-2003
245 10 - TITLE STATEMENT
Title Ministering to your family.
260 ## - PUBLICATION, DISTRIBUTION, ETC. (IMPRINT)
Place of publication, distribution, etc Tulsa, OK., :
Name of publisher, distributor, etc RHEMA Bible Church
Date of publication, distribution, etc c1986
300 ## - PHYSICAL DESCRIPTION
Extent 42 p. ;
Dimensions 22 cm.
650 ## - SUBJECT ADDED ENTRY--TOPICAL TERM
Topical term or geographic name as entry element Family
General subdivision Sermons
9 (RLIN) 1048
650 ## - SUBJECT ADDED ENTRY--TOPICAL TERM
Topical term or geographic name as entry element Marriage
General subdivision Sermons
9 (RLIN) 1049
650 ## - SUBJECT ADDED ENTRY--TOPICAL TERM
Topical term or geographic name as entry element Sermons, American
700 ## - ADDED ENTRY--PERSONAL NAME
Personal name Hagin, Kenneth W., 1939-
942 ## - ADDED ENTRY ELEMENTS (KOHA)
Source of classification or shelving scheme
Koha item type Books
Copies
Price effective from Permanent Location Date acquired Koha item type Shelving location Barcode Withdrawn status Collection code Copy number Date last seen Damaged status Total Checkouts Current Location Date checked out Source of classification or shelving scheme Full call number Not for loan Lost status
2010-04-14RHEMA Bible Training College2010-04-14BooksGeneral Stacks12411  12010-04-14     HQ 728 .H332  
2010-04-14RHEMA Bible Training College2010-04-14BooksGeneral Stacks15430  22010-04-14     HQ 728 .H332  
2011-04-12RHEMA Bible Training College2011-04-12BooksGeneral Stacks21691  32011-05-05 1RHEMA Bible Training College2011-04-12 HQ 728 .H332  
2011-04-15RHEMA Bible Training College2011-04-15BooksGeneral Stacks14082 Reference42011-04-15  RHEMA Bible Training College  HQ 728 .H332